Pays & villes hôtes de l'Euro 2020 - Statistiques

Statistiques générales
  • Ce quiz a été pris 64 fois
  • Le résultat moyen est 19 sur 23
Statistiques - réponses
Group Réponse % Correct
Pays Italie
93%
Villes Rome
93%
Pays Allemagne
91%
Villes Bucarest
91%
Pays Espagne
91%
Villes Londres
91%
Villes Munich
91%
Pays Royaume-Uni
91%
Pays Roumanie
89%
Villes Budapest
88%
Pays Russie
88%
Pays Hongrie
86%
Pays Danemark
84%
Villes Saint-Pétersbourg
84%
Villes Copenhague
82%
Villes Amsterdam
81%
Villes Dublin
81%
Pays Pays-Bas
79%
Pays Irlande
77%
Villes Glasgow
70%
Villes Bilbao
65%
Pays Azerbaïdjan
61%
Villes Bakou
60%
Aucun quiz correspondant
Distribution des résultats
% des personnes avec chaque résultat
Percentile par nombre de réponses
Votre historique - résultats
Vous n’avez pas pris ce quiz